[Event "XXXV Memorial Edoardo Crespi A"]
[Site "Milano ITA"]
[Date "2014.12.05"]
[Round "2"]
[White "Blasco, Domenico"]
[Black "Pollio, Ciro"]
[WhiteElo "1902"]
[BlackElo "1774"]
[Result "1/2-1/2"]
[PlyCount "99"]
[EventDate "2014.12.04"]

1. d4 Nf6 2. Nf3 e6 3. e3 c5 4. Bd3 Be7 5. O-O d5 6. b3 O-O 7. Bb2 b6 8. Ne5
Bb7 9. Nd2 Nbd7 10. Qf3 Qc7 11. Qh3 Ne4 12. Nxd7 Qxd7 13. f3 Nf6 14. dxc5 h6
15. cxb6 axb6 16. a4 Rfc8 17. Bd4 Qd8 18. Rfd1 Bc5 19. Bxc5 bxc5 20. e4 Qb6 21.
Kh1 Qb4 22. exd5 exd5 23. Nf1 Re8 24. Qg3 Ba6 25. Bxa6 Rxa6 26. Re1 Rae6 27.
Rxe6 Rxe6 28. Qf2 Qc3 29. Rd1 Kf8 30. Qd2 Qxd2 31. Rxd2 Ke7 32. Kg1 Kd6 33. Kf2
d4 34. Ng3 g6 35. Re2 Kd5 36. Rxe6 fxe6 37. Ke2 c4 38. Kd2 e5 39. h3 Nd7 40.
Ne4 Nb8 41. Nf6+ Kc5 42. Ng4 c3+ 43. Kd3 Nc6 44. Ke2 Nb4 45. Nxe5 Nxc2 46. Nd3+
Kd5 47. Nf4+ Kc5 48. Nd3+ Kd5 49. Nf4+ Kc5 50. Nd3+ 1/2-1/2

[Event "XXXV Memorial Edoardo Crespi A"]
[Site "Milano ITA"]
[Date "2014.12.05"]
[Round "2"]
[White "Botta, Massimiliano"]
[Black "Barolo, Andrea"]
[WhiteElo "1786"]
[BlackElo "1968"]
[Result "1/2-1/2"]
[PlyCount "68"]
[EventDate "2014.12.04"]

1. e4 e5 2. Nf3 Nc6 3. Bb5 a6 4. Ba4 Nf6 5. d3 b5 6. Bb3 Be7 7. O-O d6 8. Nbd2
Na5 9. Re1 O-O 10. Nf1 Nxb3 11. axb3 c5 12. h3 h6 13. Bd2 Be6 14. c4 Qb6 15.
Qc2 Rfb8 16. Ba5 Qb7 17. Bc3 Nh5 18. Kh2 Nf4 19. Ng3 Qd7 20. Ng1 Kh7 21. N3e2
g5 22. f3 Rg8 23. g4 Ng6 24. Ng3 Qb7 25. Ra2 Rgb8 26. Rea1 Bf8 27. Qd1 Nf4 28.
N1e2 Nxe2 29. Qxe2 Be7 30. Kg2 Bd8 31. Nf5 Bxf5 32. gxf5 Bf6 33. Rh1 Rg8 34.
Kf1 Kg7 1/2-1/2

[Event "XXXV Memorial Edoardo Crespi A"]
[Site "Milano ITA"]
[Date "2014.12.05"]
[Round "2"]
[White "Burani, Eugenio"]
[Black "Nordio, Giorgio"]
[WhiteElo "1837"]
[BlackElo "1766"]
[Result "1/2-1/2"]
[PlyCount "85"]
[EventDate "2014.12.04"]

1. e4 c6 2. d4 d5 3. Nc3 dxe4 4. Nxe4 Bf5 5. Ng3 Bg6 6. h4 h6 7. Nf3 Nd7 8. h5
Bh7 9. Bd3 Bxd3 10. Qxd3 Qc7 11. Bd2 e6 12. O-O-O O-O-O 13. Ne4 Ngf6 14. g3
Nxe4 15. Qxe4 Nf6 16. Qe2 Bd6 17. c4 Rhe8 18. Bc3 Qe7 19. Ne5 Rf8 20. a3 Nd7
21. Nd3 Rfe8 22. f4 Qf8 23. Qc2 Kb8 24. b4 Be7 25. Qb3 Kc7 26. a4 b6 27. Kc2
Rb8 28. Ra1 Rec8 29. Rae1 Nf6 30. d5 cxd5 31. cxd5 Nxd5 32. Be5+ Bd6 33. Kb2
Bxe5+ 34. Nxe5 Qxb4 35. Nxf7 Qxb3+ 36. Kxb3 Kd7 37. Rd1 Rc3+ 38. Kb2 Rxg3 39.
f5 Rg2+ 40. Kb3 Rg3+ 41. Kb2 Rg2+ 42. Kb3 Rg3+ 43. Kb2 1/2-1/2

[Event "XXXV Memorial Edoardo Crespi A"]
[Site "Milano ITA"]
[Date "2014.12.05"]
[Round "2"]
[White "Calcagno, Stefano"]
[Black "Valdettaro, Filippo"]
[WhiteElo "1828"]
[BlackElo "1750"]
[Result "1/2-1/2"]
[PlyCount "170"]
[EventDate "2014.12.04"]

1. d4 Nf6 2. c4 c5 3. Nf3 cxd4 4. Nxd4 e5 5. Nc2 Nc6 6. Nc3 Bc5 7. e3 e4 8. Be2
O-O 9. O-O d6 10. a3 Be6 11. b4 Bb6 12. Nd5 Bxd5 13. cxd5 Ne7 14. Bc4 Qc7 15.
Bb3 Qc3 16. Rb1 Nexd5 17. Ne1 Qe5 18. Bb2 Qf5 19. Nc2 Rad8 20. Nd4 Bxd4 21.
Qxd4 Nb6 22. Rbc1 d5 23. Rfd1 Rc8 24. a4 Qe6 25. a5 Nc4 26. Bxc4 dxc4 27. Qxa7
Rc7 28. Bd4 Rfc8 29. b5 Qe8 30. b6 Rd7 31. Bxf6 gxf6 32. Rxd7 Qxd7 33. a6 Rd8
34. h3 bxa6 35. Qxa6 Rb8 36. Qxc4 Rxb6 37. Qxe4 Kg7 38. Qf4 Rb5 39. Rc7 Qd5 40.
Rc4 Rb1+ 41. Kh2 Qe5 42. Re4 Qxf4+ 43. Rxf4 h5 44. Kg3 Rb5 45. e4 Kg6 46. Kh4
Rb2 47. Rf5 Re2 48. Rf4 Ra2 49. g4 hxg4 50. hxg4 Rb2 51. Kg3 Ra2 52. Rf5 Ra3+
53. f3 Rb3 54. Kf4 Rb1 55. g5 fxg5+ 56. Rxg5+ Kf6 57. Rc5 Rb3 58. Rc6+ Kg7 59.
Kg4 Rb5 60. f4 Ra5 61. e5 Ra1 62. Kf5 Re1 63. e6 fxe6+ 64. Rxe6 Rf1 65. Re7+
Kf8 66. Rb7 Rf2 67. Ke5 Rf1 68. f5 Rf2 69. Kf6 Ke8 70. Rb8+ Kd7 71. Rg8 Rf1 72.
Rg5 Ke8 73. Kg7 Ke7 74. Kg6 Rf2 75. Rg4 Rf1 76. Re4+ Kf8 77. Rb4 Ke7 78. Rb7+
Kf8 79. Kf6 Ke8 80. Rb5 Rf2 81. Rb6 Rf1 82. Rb8+ Kd7 83. Rh8 Rf2 84. Ra8 Rf1
85. Ra5 Ke8 1/2-1/2

[Event "XXXV Memorial Edoardo Crespi A"]
[Site "Milano ITA"]
[Date "2014.12.05"]
[Round "2"]
[White "Casartelli, Fabio"]
[Black "Laurino, Alberto"]
[WhiteElo "1847"]
[BlackElo "1770"]
[Result "1/2-1/2"]
[PlyCount "78"]
[EventDate "2014.12.04"]

1. d4 Nf6 2. Nd2 g6 3. e4 Nc6 4. c3 Bg7 5. Ngf3 d6 6. Bb5 Bd7 7. O-O O-O 8. Re1
e5 9. Bxc6 Bxc6 10. dxe5 dxe5 11. Nxe5 Bxe4 12. Nxe4 Qxd1 13. Nxf6+ Bxf6 14.
Rxd1 Bxe5 15. Bh6 Rfd8 16. Kf1 Bd6 17. Rd3 Bf8 18. Rxd8 Rxd8 19. Bf4 c6 20. Re1
f6 21. Be3 b6 22. Bd4 Kf7 23. h3 c5 24. Be3 h5 25. Ke2 Rd7 26. c4 Bd6 27. Rd1
Ke6 28. g4 hxg4 29. hxg4 Be5 30. Rxd7 Kxd7 31. b3 g5 32. Kd3 Ke6 33. Ke4 Bd6
34. f3 Bc7 35. Bd2 Bd6 36. a3 a5 37. Bc1 Bc7 38. Bd2 Bd6 39. a4 Bc7 1/2-1/2

[Event "XXXV Memorial Edoardo Crespi A"]
[Site "Milano ITA"]
[Date "2014.12.05"]
[Round "2"]
[White "Ciciotti, Augusto"]
[Black "Marinc, Damir"]
[WhiteElo "1880"]
[BlackElo "2049"]
[Result "0-1"]
[PlyCount "98"]
[EventDate "2014.12.04"]

1. d4 Nf6 2. Nf3 c6 3. c4 d5 4. g3 dxc4 5. Bg2 b5 6. O-O Bb7 7. Ne5 Qb6 8. a4
a6 9. b3 cxb3 10. Qxb3 e6 11. Bb2 Be7 12. Rc1 Nd5 13. axb5 cxb5 14. e4 Nf6 15.
Nc3 O-O 16. d5 exd5 17. Nxd5 Nxd5 18. exd5 Bc5 19. Rxc5 Qxc5 20. Rc1 Qd6 21.
Nc6 Re8 22. Ba3 Qh6 23. Na5 Bc8 24. Qc3 Bh3 25. Bf3 Qf6 26. Qxf6 gxf6 27. d6
Ra7 28. Nb7 Nd7 29. Bb2 a5 30. Bd4 Ra6 31. Be3 Ne5 32. Be2 Nc4 33. Bxc4 bxc4
34. Rxc4 Rb8 35. d7 Bxd7 36. Nc5 Rc8 37. Rf4 Rd6 38. Nxd7 Rxd7 39. Rxf6 Ra8 40.
Rf4 h5 41. Rf5 a4 42. Rg5+ Kh7 43. Rxh5+ Kg6 44. Rg5+ Kf6 45. g4 a3 46. f4 Rd1+
47. Kf2 a2 48. Rf5+ Ke6 49. Re5+ Kd7 0-1

[Event "XXXV Memorial Edoardo Crespi A"]
[Site "Milano ITA"]
[Date "2014.12.05"]
[Round "2"]
[White "Ferrari, Claudio"]
[Black "Ziedins, Roberts"]
[WhiteElo "1969"]
[BlackElo "1770"]
[Result "1/2-1/2"]
[PlyCount "170"]
[EventDate "2014.12.04"]

1. e4 c6 2. d4 d5 3. e5 Bf5 4. c4 dxc4 5. Bxc4 e6 6. Ne2 Nd7 7. O-O Nb6 8. Bb3
Ne7 9. Ng3 Bg6 10. Nc3 Ned5 11. f4 Qd7 12. Nce4 Bxe4 13. Nxe4 O-O-O 14. Qe2 Be7
15. Bd2 Kb8 16. Rad1 h6 17. a3 Nc7 18. Be3 Nbd5 19. Bc1 Nb5 20. Kh1 Nbc7 21.
Kg1 Nb5 22. h3 Nbc7 23. Kh2 Nb5 24. Rf3 Nbc7 25. Bc2 Rhg8 26. Kh1 Rh8 27. Rg3
Rhg8 28. Rf3 Rh8 29. b4 Rhg8 30. Bb2 Rh8 31. Rdf1 Rhg8 32. f5 Rdf8 33. fxe6
Qxe6 34. Qf2 f6 35. exf6 Nxf6 36. Nc5 Bxc5 37. dxc5 Ncd5 38. Bb3 Qe8 39. Re1
Qd8 40. Qg3+ Ka8 41. Rd3 Re8 42. Rxe8 Qxe8 43. Bxf6 gxf6 44. Qf2 Qe4 45. Bxd5
cxd5 46. Qf3 Qe1+ 47. Kh2 Qe5+ 48. g3 Re8 49. h4 d4 50. Kh3 Qe6+ 51. Qg4 f5 52.
Qxd4 a6 53. Qd5 Qe1 54. Qf3 Qe6 55. Rd6 Qe4 56. Qxe4 fxe4 57. Rd1 e3 58. Re1 e2
59. Kg2 Re3 60. Kf2 Rxa3 61. Rxe2 Rb3 62. Re4 Kb8 63. g4 Kc7 64. g5 hxg5 65.
hxg5 Rd3 66. Re7+ Kc6 67. g6 Rd5 68. g7 Rg5 69. Kf3 b6 70. Re6+ Kc7 71. Rxb6 a5
72. bxa5 Rxg7 73. a6 Rg1 74. Ke4 Re1+ 75. Kd4 Rd1+ 76. Ke3 Re1+ 77. Kd2 Rh1 78.
Rg6 Ra1 79. Kc2 Ra5 80. Rg7+ Kc6 81. Rg6+ Kc7 82. Kb3 Rxc5 83. Kb4 Rh5 84. a7
Kb7 85. Rg7+ Ka8 1/2-1/2

[Event "XXXV Memorial Edoardo Crespi A"]
[Site "Milano ITA"]
[Date "2014.12.05"]
[Round "2"]
[White "Lavorgna, Filippo"]
[Black "De Vincentiis, Federico"]
[WhiteElo "1739"]
[BlackElo "1842"]
[Result "1/2-1/2"]
[PlyCount "165"]
[EventDate "2014.12.04"]

1. c4 Nf6 2. Nf3 e6 3. g3 c6 4. Bg2 d5 5. b3 Be7 6. O-O Nbd7 7. d4 Ne4 8. Bb2
O-O 9. Nbd2 Ndf6 10. Ne1 Nxd2 11. Qxd2 a5 12. a4 b6 13. f3 Ba6 14. Rc1 Rc8 15.
c5 bxc5 16. dxc5 Nd7 17. Ba3 Rb8 18. Qc2 Qc7 19. Nd3 Qb7 20. Rb1 Qa7 21. Rfc1
Rb7 22. Kh1 Bxd3 23. exd3 Bf6 24. Bb2 Bxb2 25. Rxb2 Rb4 26. f4 Rfb8 27. Qc3 Qc7
28. d4 Qd8 29. Rd1 Qf6 30. Rd3 Qg6 31. Re3 Nf6 32. h3 h6 33. Kh2 Nd7 34. Bf3
Qf6 35. Rd3 Qg6 36. Re3 h5 37. h4 Nf6 38. Kg2 Ng4 39. Bxg4 Qxg4 40. Rf3 Qf5 41.
Re3 Qf6 42. Re5 g6 43. Kf3 Qe7 44. Re3 Qb7 45. Rd3 Qa6 46. Ke3 Qb7 47. Kf3 Qe7
48. Re3 Qf6 49. Re5 Kg7 50. Kg2 Qe7 51. Kf3 Qb7 52. Re3 Rxa4 53. bxa4 Qxb2 54.
Qxa5 Qxd4 55. Qc3 Qxc3 56. Rxc3 f6 57. Ra3 e5 58. a5 Ra8 59. a6 Kf7 60. Ke3 Ke6
61. Kd3 Kf5 62. fxe5 fxe5 63. Kc3 d4+ 64. Kc4 Ke6 65. Ra5 Ra7 66. Ra2 Kf5 67.
Kb4 d3 68. Kc4 e4 69. Kd4 d2 70. Rxd2 Rxa6 71. Rf2+ Kg4 72. Kxe4 Kxg3 73. Rf6
Kxh4 74. Rxg6 Kh3 75. Ke5 h4 76. Kd6 Kh2 77. Kd7 h3 78. Rd6 Kg1 79. Rd1+ Kf2
80. Rd2+ Kg3 81. Rd3+ Kg4 82. Rd2 Kg3 83. Rd3+ 1/2-1/2

[Event "XXXV Memorial Edoardo Crespi A"]
[Site "Milano ITA"]
[Date "2014.12.05"]
[Round "2"]
[White "Lavorgna, Giovanni"]
[Black "Montaruli, Roberto"]
[WhiteElo "1961"]
[BlackElo "1835"]
[Result "0-1"]
[PlyCount "76"]
[EventDate "2014.12.04"]

1. Nf3 c5 2. c4 Nc6 3. g3 g6 4. Bg2 Bg7 5. Nc3 e6 6. O-O Nge7 7. e3 Nf5 8. a3
O-O 9. Rb1 d5 10. b4 cxb4 11. axb4 dxc4 12. b5 Ne5 13. Ba3 Re8 14. Qa4 Nd6 15.
Nd4 Qb6 16. f4 Nd3 17. Nce2 e5 18. fxe5 Nxe5 19. Nf4 Bf5 20. Nd5 Qd8 21. Rbc1
Bd3 22. Rf2 Ne4 23. Bxe4 Bxe4 24. Nf4 Nd3 25. Nxd3 Bxd3 26. Rf4 g5 27. Rf2 Bxd4
28. exd4 Qxd4 29. Kg2 Re2 30. Rcf1 Rae8 31. Qd1 Be4+ 32. Kg1 Bf3 33. Bb2 Qb6
34. Qc1 Rxf2 35. Rxf2 Re2 36. Qf1 Rxd2 37. Bc3 Rd1 38. Be1 Qe3 0-1

[Event "XXXV Memorial Edoardo Crespi A"]
[Site "Milano ITA"]
[Date "2014.12.05"]
[Round "2"]
[White "Moreschi, Mauro"]
[Black "Monticone, Sonia"]
[WhiteElo "1795"]
[BlackElo "1902"]
[Result "1-0"]
[PlyCount "43"]
[EventDate "2014.12.04"]

1. e4 c5 2. Nf3 e6 3. e5 d6 4. Bb5+ Bd7 5. Bxd7+ Qxd7 6. exd6 Bxd6 7. d4 cxd4
8. Qxd4 Nf6 9. O-O Nc6 10. Qa4 Qc7 11. Nc3 Qb6 12. Qb5 Qxb5 13. Nxb5 Bb8 14.
Be3 a6 15. Nbd4 Ng4 16. Nxc6 Nxe3 17. fxe3 bxc6 18. Rad1 Ke7 19. Rd3 Ba7 20.
Ne5 Rhd8 21. Rxf7+ Ke8 22. Rxg7 1-0

[Event "XXXV Memorial Edoardo Crespi A"]
[Site "Milano ITA"]
[Date "2014.12.05"]
[Round "2"]
[White "Ni, Polina"]
[Black "Cordi', Domenico"]
[WhiteElo "1864"]
[BlackElo "2033"]
[Result "0-1"]
[PlyCount "122"]
[EventDate "2014.12.04"]

1. e4 e5 2. Nf3 Nc6 3. Bb5 a6 4. Ba4 Nf6 5. O-O b5 6. Bb3 Be7 7. Re1 d6 8. c3
O-O 9. h3 Na5 10. Bc2 c5 11. d4 Qc7 12. d5 c4 13. Nbd2 Nb7 14. Nf1 Nc5 15. Ng3
Bd7 16. Bg5 h6 17. Bd2 Rfc8 18. Qc1 Qd8 19. Nh2 Nh7 20. Ng4 Bxg4 21. hxg4 Bg5
22. Bxg5 Qxg5 23. Nf5 Rd8 24. Qxg5 hxg5 25. f3 Ra7 26. Kf2 g6 27. Ne3 Nf6 28.
a4 Rb7 29. a5 Rc8 30. Re2 Nfd7 31. Ke1 Kg7 32. Kd2 Rbb8 33. Ree1 Kf6 34. Ke2
Ke7 35. Kd2 Rh8 36. Ke2 Rb7 37. Kd2 Rc8 38. Ke2 b4 39. Nxc4 bxc3 40. bxc3 Nxe4
41. fxe4 Rxc4 42. Kd3 Rc8 43. Rab1 Nc5+ 44. Ke3 Rcb8 45. Rxb7+ Rxb7 46. Rb1
Rxb1 47. Bxb1 Kd7 48. Bc2 Kc7 49. c4 Nb7 50. Ba4 Nxa5 51. Be8 f6 52. Kd3 Kb6
53. Bxg6 Kc5 54. Be8 Nxc4 55. Bd7 Kb4 56. Bc6 a5 57. Bd7 Nb2+ 58. Kc2 Na4 59.
Bc6 Nc5 60. Kd2 Nxe4+ 61. Ke3 Nc5 0-1

[Event "XXXV Memorial Edoardo Crespi A"]
[Site "Milano ITA"]
[Date "2014.12.05"]
[Round "2"]
[White "Pecorario, Stefano"]
[Black "Villalba, Fernando"]
[WhiteElo "1877"]
[BlackElo "1848"]
[Result "1-0"]
[PlyCount "63"]
[EventDate "2014.12.04"]

1. e4 c5 2. Nf3 Nc6 3. d4 cxd4 4. Nxd4 g6 5. Nc3 Bg7 6. Be3 Nf6 7. Bc4 O-O 8.
Bb3 a5 9. f3 d5 10. Nxc6 bxc6 11. exd5 cxd5 12. O-O e5 13. Nxd5 Ba6 14. Re1 Rb8
15. Rb1 Bb7 16. Bb6 Qd6 17. Nxf6+ Qxf6 18. Bxa5 Ra8 19. Bc3 Qf5 20. Qd3 Qf4 21.
Qe3 Qh4 22. Bxe5 Rfe8 23. Bxf7+ Kxf7 24. Qb3+ Re6 25. Qxb7+ Re7 26. Qd5+ Kf8
27. Qxa8+ Kf7 28. Qd5+ Ke8 29. Bg3 Bd4+ 30. Kf1 Qf6 31. Rxe7+ Kxe7 32. Re1+ 1-0

[Event "XXXV Memorial Edoardo Crespi A"]
[Site "Milano ITA"]
[Date "2014.12.05"]
[Round "2"]
[White "Piantoni, Pierino"]
[Black "Donadi, Luca"]
[WhiteElo "1889"]
[BlackElo "1785"]
[Result "0-1"]
[PlyCount "102"]
[EventDate "2014.12.04"]

1. c4 e5 2. g3 Nf6 3. Bg2 d5 4. cxd5 Nxd5 5. Nc3 Nb6 6. Nf3 Nc6 7. O-O Be7 8.
a3 O-O 9. b4 a6 10. d3 f5 11. Rb1 f4 12. Qb3+ Kh8 13. Ne4 Bg4 14. e3 h6 15. Bb2
fxe3 16. fxe3 Qd5 17. Qxd5 Nxd5 18. Rbe1 Bxf3 19. Bxf3 Rad8 20. Nc5 Bxc5 21.
bxc5 Nde7 22. d4 exd4 23. exd4 Kg8 24. Bg2 Rxf1+ 25. Bxf1 Kf8 26. Bc4 Nd5 27.
Re4 Na5 28. Ba2 Nc6 29. Kg2 Nce7 30. Kf3 c6 31. Ke2 Re8 32. Kd3 Nf5 33. Rxe8+
Kxe8 34. Ke4 Nfe7 35. Ke5 Kd7 36. Bb1 Ne3 37. Bd3 Ng4+ 38. Kf4 Nf6 39. Be2 Ke6
40. Bc4+ Ned5+ 41. Kf3 g5 42. g4 Ke7 43. Bd3 Kd8 44. Bc1 Nc7 45. h4 gxh4 46.
Bxh6 h3 47. g5 h2 48. Kg2 Ng4 49. Be4 h1=Q+ 50. Kxh1 Nf2+ 51. Kg2 Nxe4 0-1

[Event "XXXV Memorial Edoardo Crespi A"]
[Site "Milano ITA"]
[Date "2014.12.05"]
[Round "2"]
[White "Quagliarella, Sabino Remo"]
[Black "Bonassi, Tommaso"]
[WhiteElo "1848"]
[BlackElo "1981"]
[Result "0-1"]
[PlyCount "50"]
[EventDate "2014.12.04"]

1. d4 Nf6 2. Nf3 e6 3. c4 Bb4+ 4. Bd2 Qe7 5. Nc3 c5 6. e3 Nc6 7. Be2 d6 8. O-O
Bxc3 9. bxc3 e5 10. d5 Nd8 11. a4 a5 12. Ne1 O-O 13. Qc2 Ne8 14. e4 f5 15. Bf3
f4 16. Rb1 Rf6 17. g3 Rh6 18. Bg2 g5 19. Nf3 Bg4 20. Qd3 Qg7 21. Rfe1 Qg6 22.
h4 Bxf3 23. hxg5 Bxg2 24. gxh6 f3 25. Qe3 Nf7 0-1

[Event "XXXV Memorial Edoardo Crespi A"]
[Site "Milano ITA"]
[Date "2014.12.05"]
[Round "2"]
[White "Ranfagni, Stefano"]
[Black "Miracola, Giorgia"]
[WhiteElo "2016"]
[BlackElo "1856"]
[Result "1-0"]
[PlyCount "91"]
[EventDate "2014.12.04"]

1. c4 Nf6 2. g3 g6 3. Bg2 d5 4. cxd5 Nxd5 5. Nc3 Nb6 6. d3 Bg7 7. Be3 O-O 8.
Qd2 Nc6 9. Rc1 e5 10. Bh6 Nd4 11. Nf3 Nxf3+ 12. Bxf3 c6 13. h4 Qe7 14. h5 Be6
15. Bxg7 Kxg7 16. hxg6 fxg6 17. Qh6+ Kg8 18. Ne4 Nd5 19. Rc5 Rf7 20. Qc1 Rd8
21. Ng5 Rg7 22. a3 Bf7 23. b4 Nc7 24. Nxf7 Rxf7 25. Qb2 Rd4 26. Be4 Qf6 27. e3
Rdd7 28. Rxe5 Nd5 29. Re8+ Kg7 30. Qxf6+ Nxf6 31. Rb8 Nxe4 32. dxe4 Rfe7 33.
Ke2 Rxe4 34. Rd1 Ree7 35. Rxd7 Rxd7 36. e4 Kf6 37. f4 Re7 38. Kf3 Ke6 39. e5
Kd5 40. Rd8+ Kc4 41. Ke4 Kb3 42. Rd3+ Kc4 43. g4 b6 44. f5 gxf5+ 45. gxf5 c5
46. f6 1-0

[Event "XXXV Memorial Edoardo Crespi A"]
[Site "Milano ITA"]
[Date "2014.12.05"]
[Round "2"]
[White "Regorda, Vittorio"]
[Black "Nepi, Ezio"]
[WhiteElo "1780"]
[BlackElo "1962"]
[Result "0-1"]
[PlyCount "58"]
[EventDate "2014.12.04"]

1. d4 d5 2. c4 c6 3. Nf3 Nf6 4. g3 dxc4 5. Bg2 Nbd7 6. O-O Nb6 7. a4 a5 8. Qc2
g6 9. Nbd2 Bg7 10. Nxc4 Bf5 11. Qb3 Nxc4 12. Qxc4 O-O 13. e3 Ne4 14. Nh4 Nd6
15. Qc5 Be4 16. Bxe4 Nxe4 17. Qc2 Qd5 18. f4 Rac8 19. Qd1 Rfd8 20. Qg4 c5 21.
dxc5 Rxc5 22. Ng2 Qc6 23. Qe2 Rc2 24. Qb5 Nxg3 25. Qxc6 Ne2+ 26. Kf2 bxc6 27.
Ne1 Rxc1 28. Rxc1 Nxc1 29. Kf3 Nd3 0-1

[Event "XXXV Memorial Edoardo Crespi A"]
[Site "Milano ITA"]
[Date "2014.12.05"]
[Round "2"]
[White "Ricci, Leonardo"]
[Black "Cerioni, Armando"]
[WhiteElo "1814"]
[BlackElo "1938"]
[Result "0-1"]
[PlyCount "70"]
[EventDate "2014.12.04"]

1. e4 e6 2. d4 d5 3. exd5 exd5 4. Nf3 Nc6 5. Bb5 Bd6 6. Nc3 Nge7 7. Bg5 f6 8.
Bh4 O-O 9. Bg3 Bg4 10. Be2 Re8 11. Qd2 Bxf3 12. gxf3 Nf5 13. Bxd6 Qxd6 14.
O-O-O Ncxd4 15. f4 Nxe2+ 16. Nxe2 c6 17. Ng3 Nxg3 18. fxg3 Re4 19. Rhe1 Rae8
20. Rxe4 Rxe4 21. Re1 Qe7 22. Kd1 Rxe1+ 23. Qxe1 Qxe1+ 24. Kxe1 Kf7 25. f5 Ke7
26. Ke2 Kd6 27. Ke3 Ke5 28. g4 d4+ 29. Kf3 c5 30. b3 b5 31. h3 c4 32. bxc4 bxc4
33. a4 Kd5 34. h4 Kc5 35. Ke4 c3 0-1

[Event "XXXV Memorial Edoardo Crespi A"]
[Site "Milano ITA"]
[Date "2014.12.05"]
[Round "2"]
[White "Sannino, Raffaele"]
[Black "Baronio, Gaia"]
[WhiteElo "2025"]
[BlackElo "1792"]
[Result "1/2-1/2"]
[PlyCount "81"]
[EventDate "2014.12.04"]

1. Nf3 d5 2. d4 Nf6 3. c4 c6 4. Qb3 Nbd7 5. cxd5 cxd5 6. Nc3 e6 7. e3 a6 8. Bd3
Be7 9. O-O O-O 10. Bd2 b5 11. a4 b4 12. Ne2 a5 13. Ng3 Bb7 14. Rfc1 Qb6 15. Rc2
Rfc8 16. Rac1 Ba6 17. Ne1 Bd6 18. f4 Qb7 19. Nf3 Nb6 20. Rxc8+ Rxc8 21. Rxc8+
Qxc8 22. Bxa6 Qxa6 23. Qd1 Nbd7 24. b3 Qc6 25. Qb1 g6 26. Qd3 Ne4 27. Ne2 Ndf6
28. Be1 Nd7 29. g3 f5 30. Ng5 Nxg5 31. fxg5 Nb8 32. Kf2 Na6 33. Bd2 Nc7 34. Nc1
Ne8 35. Kg2 Be7 36. h4 Nd6 37. Ne2 Ne4 38. Be1 Bd6 39. Kf3 Kg7 40. Kg2 Kg8 41.
Kf3 1/2-1/2

[Event "XXXV Memorial Edoardo Crespi A"]
[Site "Milano ITA"]
[Date "2014.12.05"]
[Round "2"]
[White "Sibajeva, Marija"]
[Black "Primerano, Carlo"]
[WhiteElo "1817"]
[BlackElo "1719"]
[Result "1-0"]
[PlyCount "83"]
[EventDate "2014.12.04"]

1. e4 d5 2. exd5 Qxd5 3. Nf3 Nf6 4. d4 c6 5. Nc3 Qa5 6. Bd2 Bf5 7. Be2 e6 8.
Nh4 Bg6 9. Nxg6 hxg6 10. Ne4 Qc7 11. Nxf6+ gxf6 12. h3 Nd7 13. c4 Qb6 14. Bc3
Bb4 15. Qd2 Bxc3 16. Qxc3 Rh4 17. O-O-O O-O-O 18. g3 Rhh8 19. f4 f5 20. Bf3 Nf6
21. d5 Ne4 22. Bxe4 fxe4 23. dxe6 fxe6 24. Kb1 Rxd1+ 25. Rxd1 Rd8 26. Rxd8+
Qxd8 27. Kc2 g5 28. Qd2 Qc7 29. Qe3 gxf4 30. Qxf4 Qh7 31. Qg4 Kd7 32. h4 e3+
33. Kc1 Ke7 34. Qg5+ Kd7 35. Qxe3 Qf5 36. Qf4 Qa5 37. Qd2+ Qxd2+ 38. Kxd2 Ke7
39. Ke3 Kf6 40. Ke4 b6 41. g4 a6 42. g5+ 1-0

[Event "XXXV Memorial Edoardo Crespi A"]
[Site "Milano ITA"]
[Date "2014.12.05"]
[Round "2"]
[White "Sics, Maksims"]
[Black "Mazzoccoli, Simone"]
[WhiteElo "1861"]
[BlackElo "1802"]
[Result "1-0"]
[PlyCount "57"]
[EventDate "2014.12.04"]

1. d4 Nf6 2. c4 g6 3. Nc3 Bg7 4. e4 d6 5. Bd3 O-O 6. Nge2 Nc6 7. f3 Nd7 8. Be3
e5 9. d5 Nd4 10. Bc2 Nxc2+ 11. Qxc2 a5 12. O-O Nc5 13. a3 f5 14. b4 axb4 15.
axb4 Rxa1 16. Rxa1 Na6 17. Qb3 f4 18. Bf2 Qg5 19. Kh1 Qe7 20. Nc1 g5 21. Nd3 g4
22. fxg4 Bxg4 23. c5 f3 24. g3 Nb8 25. Ra7 Qg5 26. Rxb7 Qd2 27. Qc4 Bh6 28. Ra7
Be3 29. Ra2 1-0

[Event "XXXV Memorial Edoardo Crespi A"]
[Site "Milano ITA"]
[Date "2014.12.05"]
[Round "2"]
[White "Ventura, Salvatore"]
[Black "Beltrami, Francesco"]
[WhiteElo "2049"]
[BlackElo "1849"]
[Result "1-0"]
[PlyCount "71"]
[EventDate "2014.12.04"]

1. c4 c5 2. g3 g6 3. Bg2 Bg7 4. Nc3 Nc6 5. Nf3 Nf6 6. d4 cxd4 7. Nxd4 a6 8. c5
O-O 9. O-O Qc7 10. Bg5 e6 11. Nxc6 bxc6 12. Bf4 e5 13. Bg5 h6 14. Bxf6 Bxf6 15.
Ne4 Be7 16. Qd2 Kh7 17. Rfd1 Rb8 18. Qc3 f5 19. Nd6 e4 20. Qc2 Bf6 21. Rab1 Bg7
22. f3 exf3 23. Bxf3 Rb4 24. e3 Qb8 25. b3 Qa7 26. h4 Be5 27. Kg2 Bxd6 28. Rxd6
Rb5 29. Rc1 Re8 30. h5 Re6 31. hxg6+ Kg7 32. Qxf5 h5 33. Qf7+ Kh6 34. Rxe6 Rxc5
35. Qf8+ Kg5 36. Qf4# 1-0

[Event "XXXV Memorial Edoardo Crespi A"]
[Site "Milano ITA"]
[Date "2014.12.05"]
[Round "2"]
[White "Virzi, Ettore"]
[Black "Dei Giudici, Paolo"]
[WhiteElo "1966"]
[BlackElo "1761"]
[Result "1-0"]
[PlyCount "43"]
[EventDate "2014.12.04"]

1. e4 e5 2. Nf3 Nc6 3. Bb5 a6 4. Ba4 Nf6 5. O-O Be7 6. Re1 b5 7. Bb3 O-O 8. h3
d6 9. c3 Na5 10. Bc2 c5 11. d4 cxd4 12. cxd4 Qc7 13. Nbd2 Bd7 14. Nf1 Rfc8 15.
Ne3 Nc4 16. Nxc4 bxc4 17. Bd2 exd4 18. Nxd4 Be8 19. Nf5 Bf8 20. Bc3 Nd7 21.
Bxg7 Bxg7 22. Qg4 1-0

[Event "XXXV Memorial Edoardo Crespi A"]
[Site "Milano ITA"]
[Date "2014.12.06"]
[Round "3"]
[White "Barolo, Andrea"]
[Black "Ziedins, Roberts"]
[WhiteElo "1968"]
[BlackElo "1770"]
[Result "1/2-1/2"]
[PlyCount "118"]
[EventDate "2014.12.04"]

1. e4 c6 2. d4 d5 3. e5 Bf5 4. Nf3 e6 5. Be2 c5 6. Be3 cxd4 7. Nxd4 Ne7 8. Bg5
Qa5+ 9. Nc3 Nbc6 10. Ndb5 Ng6 11. a3 Ncxe5 12. b4 Qb6 13. Na4 Qc6 14. Nd4 Qd7
15. Bb5 Nc6 16. Nxf5 exf5 17. O-O Be7 18. Be3 O-O 19. Nc5 Bxc5 20. Bxc5 Rfe8
21. Qd2 b6 22. Bd4 a6 23. Ba4 b5 24. Bb3 Nxd4 25. Qxd4 Rac8 26. a4 Re4 27. Qd2
Qe7 28. axb5 axb5 29. c3 Re2 30. Qxd5 Rxc3 31. Ra8+ Nf8 32. Ba2 Rcc2 33. Bb1
Rb2 34. Qxf5 g6 35. Qxb5 Rxb4 36. Qd3 Rbb2 37. h3 Qb7 38. Qa3 Qb4 39. Qxb4 Rxb4
40. Bd3 Rd2 41. Bb1 Rbb2 42. Be4 Kg7 43. g3 Ne6 44. Raa1 Nc5 45. Rae1 f5 46.
Bb1 Nb3 47. Rd1 Kf6 48. Bd3 Kg5 49. Rxd2 Rxd2 50. Ba6 f4 51. h4+ Kh5 52. Kg2
fxg3 53. Kxg3 Nd4 54. Bc8 Rd3+ 55. f3 Ne2+ 56. Kh3 Re3 57. Bg4+ Kh6 58. Ra1 Re7
59. Kg2 Rf7 1/2-1/2

[Event "XXXV Memorial Edoardo Crespi A"]
[Site "Milano ITA"]
[Date "2014.12.06"]
[Round "3"]
[White "Baronio, Gaia"]
[Black "Sics, Maksims"]
[WhiteElo "1792"]
[BlackElo "1861"]
[Result "1/2-1/2"]
[PlyCount "102"]
[EventDate "2014.12.04"]

1. e4 c5 2. Nf3 e6 3. d4 cxd4 4. Nxd4 a6 5. c4 Nf6 6. Nc3 Qc7 7. Be2 Bb4 8. Qd3
Nc6 9. f4 d6 10. Be3 Bd7 11. Nb3 Na5 12. Nd2 b5 13. cxb5 Bxc3 14. bxc3 axb5 15.
O-O O-O 16. g4 Rfc8 17. Rac1 Nc4 18. g5 Nxe3 19. Qxe3 Ne8 20. Rc2 Qa7 21. Qxa7
Rxa7 22. Rb1 Ra3 23. c4 bxc4 24. Nxc4 Ra7 25. Rd2 d5 26. exd5 exd5 27. Ne5 Bf5
28. Rbb2 f6 29. Ng4 fxg5 30. fxg5 Rc1+ 31. Rd1 Rxd1+ 32. Bxd1 Nd6 33. Ne5 Kf8
34. Rf2 Re7 35. Nd3 Re3 36. Bc2 Ke7 37. Nb4 Ke6 38. Bxf5+ Nxf5 39. Nxd5 Re1+
40. Kg2 Ke5 41. Nb4 Re4 42. Nd3+ Kd4 43. Rxf5 Kxd3 44. Kg3 Ra4 45. Rf3+ Ke2 46.
a3 h6 47. gxh6 gxh6 48. Rb3 h5 49. h3 Ke1 50. Kf3 Rh4 51. Kg3 Ra4 1/2-1/2

[Event "XXXV Memorial Edoardo Crespi A"]
[Site "Milano ITA"]
[Date "2014.12.06"]
[Round "3"]
[White "Beltrami, Francesco"]
[Black "Andolfatto, Maria"]
[WhiteElo "1849"]
[BlackElo "1751"]
[Result "0-1"]
[PlyCount "60"]
[EventDate "2014.12.04"]

1. Nf3 Nf6 2. g3 g6 3. Bg2 Bg7 4. O-O O-O 5. d4 d5 6. c4 c6 7. Nc3 dxc4 8. Ne5
Na6 9. Nxc4 Nc7 10. Ne5 Be6 11. e4 Qc8 12. Na4 Bh3 13. Nc5 Bxg2 14. Kxg2 Ne6
15. Nxe6 Qxe6 16. Qc2 c5 17. Be3 cxd4 18. Bxd4 Rfd8 19. Bc3 Rac8 20. f4 Nd7 21.
Nf3 Bxc3 22. bxc3 Qc6 23. Rac1 Nc5 24. Rfe1 Nd3 25. Re3 Nxc1 26. Qxc1 Qa4 27.
Qb1 b6 28. Nd4 Qa3 29. Nc2 Rd2+ 30. Kh3 Qc5 0-1